00331nam a22000857a 4500008004100000082001700041245013200058260004400190300001100234230612b xxu||||| |||| 00| 0 eng d a354.676bGOK a2010/2011 Estimates of Recurrent Expenditure of the Government of Kenya for the Year Ending 30th June 2011cGovernment of Kenya aNairobibGovernment of KenyacJune 2010 a1595 p